000 00424nam a2200181Ia 4500
001 3065
005 20260306144853.0
008 260306t2001||||xx |||||||||||||| ||spa||
041 _aESP
082 _a248.4
_bS31
100 _aScola, Angelo
_eAUT
245 0 _aHombre-mujer:
_bEl ministerio nupcial
260 _c2001
300 _a490 páginas :
_c23 cm.
650 _aGEN
654 _aCHU
942 _cLIB
_dJUS
_fJUS
_2ddc
_n
999 _c3065
_d3065